logo

Bir Sreshtho Munshi Abdur Rouf Library
Jhenaidah Cadet College

Android programming The Big Nerd Ranch Guide / (Record no. 14296)

MARC details
000 -LEADER
fixed length control field 00790nam a2200253 a 4500
001 - CONTROL NUMBER
JCCL Control Number 14296
003 - CONTROL NUMBER IDENTIFIER
JCCL marc code BD-JhCC
005 - DATE AND TIME OF LATEST TRANSACTION
control field 20250302112846.0
008 - FIXED-LENGTH DATA ELEMENTS--GENERAL INFORMATION
fixed length control field 190924s2022 en a|||| ||a| 001 0 eng d
035 ## - SYSTEM CONTROL NUMBER
system control number (BD-JhCC)14296
040 ## - CATALOGING SOURCE
Original cataloging agency BD-JhCC
Modifying agency BD-JhCC
041 ## - LANGUAGE CODE
Language code of Book eng
082 ## - DEWEY DECIMAL CLASSIFICATION NUMBER
Classification number 005.1
Author mark and Year SIL 2022
100 ## - MAIN ENTRY--PERSONAL NAME
Personal name Sills, Bryan
245 ## - TITLE STATEMENT
Title Android programming The Big Nerd Ranch Guide /
Statement of responsibility, etc Bryan Sills, Brian Gardner, Kristin Marsicano, Chris Stewart,
260 ## - PUBLICATION, DISTRIBUTION, ETC. (IMPRINT)
Place of publication, distribution, etc Boston :
Name of publisher, distributor, etc Addison-Wesley Professional;
Date of publication, distribution, etc 2022.
300 ## - PHYSICAL DESCRIPTION
Pagination 657 p. :
Other physical details ill. ;
Dimensions 24 cm.
504 ## - BIBLIOGRAPHY, ETC. NOTE
Bibliography, etc Includes index
650 ## - SUBJECT ADDED ENTRY--TOPICAL TERM
Topical term or geographic name as entry element Application software -- Development.
650 ## - SUBJECT ADDED ENTRY--TOPICAL TERM
Topical term or geographic name as entry element Mobile computing
700 ## - ADDED ENTRY--PERSONAL NAME
Personal name Gardner, Brian
Numeration Marsicano, Kristin
Titles and other words associated with a name Stewart,Chris
942 ## - ADDED ENTRY ELEMENTS (KOHA)
Source of classification or shelving scheme Dewey Decimal Classification
Koha item type Books
Holdings
Source of classification or shelving scheme Damaged status Not for loan Home library Current library Date of accession Cost, normal purchase price Total Checkouts Full call number Barcode Date last seen Copy number Method of acquisition Koha item type Currency
Dewey Decimal Classification     JCC Rouf Library JCC Rouf Library   480.00   005.1 SIL 2022 20021 03/02/2025 C-1 Purchase Books BDT

JCC Library | Contacts | JCC Home

Last Update on 23 September 2017
Copyright @ 2017-2020 JCC Rouf Library
Rouf Library, Jhenidah Cadet College (JCC), Bangladesh